50. výročie vzniku tovaroznalectva na VŠE a jeho úlohy vo výchove absolventov OF

Gespeichert in:
Bibliographische Detailangaben
1. Verfasser: Kollár, Vojtech
Format: Buchkapitel
Sprache:Slowakisch
Tags: Tag hinzufügen
Keine Tags, Fügen Sie das erste Tag hinzu!

MARC

LEADER 00000naa$a2200000$$$4500
001 0158122
005 20240502072744.9
041 0 |a slo 
044 |a SK 
245 1 0 |a 50. výročie vzniku tovaroznalectva na VŠE a jeho úlohy vo výchove absolventov OF  |c Vojtech Kollár 
100 1 |a Kollár, Vojtech